000 00580nam a2200193Ia 4500
003 IN-BaIIA
008 211028s9999 xx 000 0 eng d
040 _cIIA Library
080 _a551.594.5
_bCHA
100 _aChapman, J. H.
_93924
245 0 _aRadio observation of the Aurora, USRI special report no.6
_c J. H. Chapman
260 _aAmsterdam
_bElsevier
_c1961
300 _a60p.
650 _aAirglow
_93155
650 _aAstronomy and Astrophysics Thesaurus
650 _aAurora
_970
650 _aClimatology
942 _cBK
999 _c2101
_d2101